| 000 | 00427nam a2200169Ia 4500 | ||
|---|---|---|---|
| 001 | 27068 | ||
| 003 | IN-NITTTR | ||
| 005 | 20251114233338.0 | ||
| 008 | 251113s9999||||xx |||||||||||||| ||eng|| | ||
| 040 | _beng | ||
| 040 | _cIN-NITTTR | ||
| 041 | _aeng | ||
| 082 | _a629.895416 G11P | ||
| 100 | _aGadre, Dhananjay V. | ||
| 245 | 0 |
_aProgramming and customizing the AVR microcontroller / _cGadre, Dhananjay V. |
|
| 942 |
_2ddc _cBK |
||
| 999 |
_c29696 _d29696 |
||